00703nam a2200241Ia 450000500170000000800410001702000150005824500180007325000190009130000430011049000160015365000300016965000320019965000400023194200150027126400260028633600270031233700330033933800280037204000350040008400110043599900150044620220317001246.0160825s1984 sp a g 000 0 spa  a843051410413aEl cervatillo a1a. edición  a[8] páginas bilustraciones c12 cm  aMinicartone142LEMBaÁlbumes infantil 142LEMB aLiteratura infantil 142LEMB aCervatillo en la literatura  2loccBKINF aMadridbSusaetac1984 atextobtxt2rdacontent asin mediaciónbn2rdamedia avolumenbnc2rdacarrier aCO-BoRNBPbspaerdacCO-BoRNBP aA CER6 c6411d6411